Курс высшей математики для физиков и техников; Ч.3. Вып. 2; Начала аналитической теории обыкновенных дифференциальных уравнений. Лежандровы полиномы. Бесселевы функцииТеория функции комплексного переменного со включением теории конформных преобразований

Λεπτομέρειες βιβλιογραφικής εγγραφής
Κύριος συγγραφέας: Гаврилов А. Ф.
Συγγραφή απο Οργανισμό/Αρχή: Ленинградский физико-механический институт
Γλώσσα:Ρωσικά
Έκδοση: Ленинград, КУБУЧ, 1932
Θέματα:
Μορφή: Βιβλίο
KOHA link:https://koha.lib.tpu.ru/cgi-bin/koha/opac-detail.pl?biblionumber=359230

MARC

LEADER 00000nam0a2200000 4500
001 359230
005 20231102011154.0
035 |a (RuTPU)RU\TPU\retro\16502 
035 |a RU\TPU\book\346588 
090 |a 359230 
100 |a 20200929d1932 m y0rusy50 ca 
101 0 |a rus 
102 |a RU 
105 |a a j 001zy 
200 1 |a Курс высшей математики для физиков и техников  |h Ч.3. Вып. 2  |i Начала аналитической теории обыкновенных дифференциальных уравнений. Лежандровы полиномы. Бесселевы функцииТеория функции комплексного переменного со включением теории конформных преобразований  |f А. Ф. Гаврилов  |g Ленинградский физико-механический институт 
210 |a Ленинград  |c КУБУЧ  |d 1932 
215 |a 105 с.  |c ил. 
320 |a Библиогр.: с. 104-105 
606 1 |a Математика высшая  |2 stltpush  |3 (RuTPU)RU\TPU\subj\3986  |9 32308 
610 1 |a обыкновенные дифференциальные уравнения 
610 1 |a полиномы 
610 1 |a бесселевы функции 
610 1 |a задача Коши 
610 1 |a ряды 
610 1 |a последовательные приближения 
610 1 |a точки 
610 1 |a уравнения второго порядка 
610 1 |a граничные условия 
610 1 |a шаровые функции 
610 1 |a учебные пособия 
675 |a 51(075.8)  |v 4 
700 1 |a Гаврилов  |b А. Ф. 
712 0 2 |a Ленинградский физико-механический институт  |2 stltpush  |3 (RuTPU)RU\TPU\col\27595 
801 1 |a RU  |b 63413507  |c 20160810 
801 2 |a RU  |b 63413507  |c 20200929  |g RCR 
942 |c BK